The Null subject parameter in language acquisition
| Published in: | The Null parameter, ed. by O. Jaeggli, K.J. Safir, Dordrecht, 1989, P.215-238 (Studies in natural language and linguistic theory) |
|---|---|
| Main Author: | |
| Content type: | Article |
| Published: |
1989
|
| Source: | MPIPL_cat |
MARC
| LEADER | 00000naa a2200000 u 4500 | ||
|---|---|---|---|
| 001 | PL0039183 | ||
| 003 | PLI01000000000000000039075 | ||
| 005 | 00000000000000.0 | ||
| 008 | ||| u | ||
| 100 | 1 | |a Hyams, Nina | |
| 245 | 0 | 0 | |a The Null subject parameter in language acquisition |c N. Hyams |
| 260 | |c 1989 | ||
| 773 | 0 | 8 | |t The Null parameter |a ed. by O. Jaeggli, K.J. Safir |d Dordrecht, 1989 |g P.215-238 |k Studies in natural language and linguistic theory |w MPIPL_cat.PL0039176 |z 1-55608-087-5 |i In: |
| 952 | |j 1989 |h P.215-238 | ||
| 996 | |a Aufsatz | ||
| 997 | |a book chapter | ||